[Event "96th DEN-ch"]
[Site "Skoerping DEN"]
[Date "2017.04.08"]
[Round "1"]
[White "Andersen, Mads"]
[Black "Hansen, Mads"]
[WhiteElo "2565"]
[BlackElo "2444"]
[Result "1-0"]
[EventDate "2017.04.08"]
[PlyCount "103"]

1. e4 e5 2. Nf3 Nc6 3. d4 exd4 4. Nxd4 Nf6 5. Nxc6 bxc6 6. e5 Qe7 7. Qe2 Nd5 8.
Nd2 Nf4 9. Qe4 Ng6 10. f4 d5 11. exd6 cxd6 12. Be2 d5 13. Qxe7+ Bxe7 14. Nb3
O-O 15. Be3 Re8 16. Kf2 Bf6 17. Rab1 Nh4 18. g3 Nf5 19. Bc5 a5 20. a4 Re4 21.
c3 Rxa4 22. Ra1 Rxa1 23. Rxa1 Bd8 24. g4 Nh6 25. h3 f5 26. g5 Nf7 27. Kf3 Bc7
28. Bb4 a4 29. Nc5 Nd8 30. b3 a3 31. Rxa3 Rxa3 32. Bxa3 Bd6 33. Bb4 Bxc5 34.
Bxc5 Ne6 35. b4 Kf7 36. Ke3 h6 37. gxh6 gxh6 38. Bh5+ Kf6 39. Be8 Nd8 40. Bf8
Ne6 41. Bxh6 c5 42. bxc5 Nxc5 43. Bg5+ Ke6 44. h4 Nd7 45. Kd4 Nf8 46. h5 Bd7
47. Bxd7+ Nxd7 48. h6 Nf8 49. Kc5 Nh7 50. Bd8 Nf8 51. Bc7 Kf7 52. Bd6 1-0

[Event "96th DEN-ch"]
[Site "Skoerping DEN"]
[Date "2017.04.08"]
[Round "1"]
[White "Antonsen, Mikkel"]
[Black "Sylvan, Jacob"]
[WhiteElo "2447"]
[BlackElo "2425"]
[Result "1-0"]
[EventDate "2017.04.08"]
[PlyCount "59"]

1. d4 d5 2. Nf3 Nf6 3. c4 c6 4. e3 e6 5. Bd3 dxc4 6. Bxc4 Nbd7 7. O-O Bd6 8.
Nc3 O-O 9. e4 e5 10. Be3 exd4 11. Bxd4 Qc7 12. Kh1 Ne5 13. Nxe5 Bxe5 14. Bxe5
Qxe5 15. f4 Qc5 16. Bd3 Rd8 17. Qc2 Bg4 18. e5 Qe3 19. Bc4 Nd7 20. Rae1 Qd4 21.
Re4 Qc5 22. b4 Qe7 23. e6 fxe6 24. f5 Nf6 25. Rxe6 Qf7 26. Rxc6 bxc6 27. Bxf7+
Kxf7 28. Ne4 Rd5 29. Qxc6 Bxf5 30. Nxf6 1-0

[Event "96th DEN-ch"]
[Site "Skoerping DEN"]
[Date "2017.04.08"]
[Round "1"]
[White "Carstensen, Jacob"]
[Black "Thybo, Jesper Soendergaard"]
[WhiteElo "2381"]
[BlackElo "2437"]
[Result "0-1"]
[EventDate "2017.04.08"]
[PlyCount "90"]

1. Nf3 Nf6 2. c4 g6 3. Nc3 d5 4. cxd5 Nxd5 5. e4 Nxc3 6. bxc3 Bg7 7. d4 c5 8.
Rb1 O-O 9. Be2 b6 10. Be3 Qc7 11. Rc1 Bb7 12. d5 Nd7 13. c4 Nf6 14. Nd2 e5 15.
a4 Ne8 16. a5 Nd6 17. Qb3 f5 18. f3 Bc8 19. Ra1 Rb8 20. axb6 axb6 21. O-O h5
22. Rfb1 f4 23. Bf2 g5 24. Ra5 Bd7 25. Ra6 Nc8 26. Qd1 Bf6 27. Nb3 Kf7 28. d6
Nxd6 29. Nxc5 bxc5 30. Rxb8 Rxb8 31. Qxd6 Rb1+ 32. Bf1 Qxd6 33. Rxd6 Be6 34.
Rxe6 Kxe6 35. Bxc5 Bd8 36. g3 Bb6 37. Bxb6 Rxb6 38. Bh3+ Kd6 39. Bf5 fxg3 40.
hxg3 Kc5 41. Kg2 Kxc4 42. f4 Rb2+ 43. Kf3 g4+ 44. Ke3 Rb3+ 45. Kf2 Rf3+ 0-1

[Event "96th DEN-ch"]
[Site "Skoerping DEN"]
[Date "2017.04.08"]
[Round "1"]
[White "Ochsner, Bjoern Moeller"]
[Black "Rasmussen, Karsten"]
[WhiteElo "2433"]
[BlackElo "2449"]
[Result "1/2-1/2"]
[EventDate "2017.04.08"]
[PlyCount "95"]

1. e4 c6 2. d4 d5 3. Nc3 dxe4 4. Nxe4 Nf6 5. Nxf6+ exf6 6. c3 Bf5 7. Bd3 Bxd3
8. Qxd3 Bd6 9. Nf3 O-O 10. Be3 Nd7 11. O-O Re8 12. Rad1 Qc7 13. d5 c5 14. b3
Ne5 15. Nxe5 fxe5 16. g3 e4 17. Qd2 c4 18. Qd4 cxb3 19. axb3 b6 20. c4 f5 21.
Qd2 a5 22. Rc1 Rad8 23. Rfd1 Bb4 24. Qd4 Bc5 25. Qc3 Ba3 26. Rc2 Bb4 27. Qd4
Bc5 28. Qd2 Bb4 29. Qc1 Bc5 30. Bxc5 Qxc5 31. Qe3 Qd6 32. c5 bxc5 33. Rxc5 f4
34. gxf4 Qg6+ 35. Kh1 Qh5 36. Rg1 Rxd5 37. Qc3 g6 38. Rc7 Qf3+ 39. Qxf3 exf3
40. Rc3 Rf5 41. Rxf3 Re4 42. Rg4 Kf7 43. Kg2 Kf6 44. Rc3 Rexf4 45. Rc6+ Kg7 46.
Rxf4 Rxf4 47. Rc7+ Kh6 48. Rc5 1/2-1/2

[Event "96th DEN-ch"]
[Site "Skoerping DEN"]
[Date "2017.04.08"]
[Round "1"]
[White "Teplyi, Igor"]
[Black "Rasmussen, Allan Stig"]
[WhiteElo "2438"]
[BlackElo "2533"]
[Result "0-1"]
[EventDate "2017.04.08"]
[PlyCount "124"]

1. Nf3 d5 2. d4 Nf6 3. c4 e6 4. Nc3 Bb4 5. Bg5 h6 6. Bxf6 Qxf6 7. e3 O-O 8. Rc1
Rd8 9. Qb3 Ba5 10. Be2 c6 11. O-O Nd7 12. Rfd1 Qe7 13. a3 a6 14. Qc2 Nf8 15.
Bd3 Bd7 16. e4 dxc4 17. Bxc4 Rac8 18. Ba2 Be8 19. e5 Bxc3 20. Qxc3 c5 21. Qe3
Bc6 22. g3 Bxf3 23. Qxf3 cxd4 24. Rxc8 Rxc8 25. Qe4 Rc5 26. Qxd4 Qc7 27. Qd6
Qxd6 28. exd6 Nd7 29. Rd2 Kf8 30. Kg2 Ke8 31. f4 Nf6 32. Kf3 Kd7 33. h4 Ne8 34.
Bb1 Nxd6 35. Bd3 Ke7 36. Ke3 Rc1 37. Rc2 Rh1 38. Rc7+ Kd8 39. Rc2 Kd7 40. Kf3
f6 41. Ke3 Ra1 42. Kf2 e5 43. fxe5 fxe5 44. Re2 Ke6 45. Bh7 Rc1 46. Bg8+ Kf6
47. Bd5 Rc5 48. Bf3 b6 49. Rd2 Ke6 50. Bg4+ Ke7 51. Kg2 a5 52. Re2 e4 53. Bf3
Rc4 54. Kh3 Kf6 55. Bg2 Ke5 56. Kg4 Nf5 57. Kh3 g6 58. g4 Ne7 59. Kg3 Nd5 60.
Bf1 Rd4 61. Rf2 Ne3 62. Bb5 Nxg4 0-1

[Event "96th DEN-ch"]
[Site "Skoerping DEN"]
[Date "2017.04.09"]
[Round "2"]
[White "Antonsen, Mikkel"]
[Black "Carstensen, Jacob"]
[WhiteElo "2447"]
[BlackElo "2381"]
[Result "1-0"]
[EventDate "2017.04.08"]
[PlyCount "87"]

1. d4 d5 2. Nf3 Nf6 3. c4 dxc4 4. e3 e6 5. Bxc4 c5 6. O-O a6 7. dxc5 Bxc5 8.
Qxd8+ Kxd8 9. Be2 Nc6 10. a3 Ke7 11. b4 Bd6 12. Bb2 b5 13. Nbd2 Bb7 14. Rfc1
Rhc8 15. Nb3 h6 16. Nc5 Bxc5 17. Rxc5 g5 18. Rac1 Nd7 19. R5c2 f6 20. Nd2 Nd8
21. a4 Rxc2 22. Rxc2 Bc6 23. axb5 Bxb5 24. Bf3 Rb8 25. Rc7 e5 26. Ne4 Ne6 27.
Rc1 Ng7 28. Nc3 Nb6 29. Nxb5 axb5 30. Rc7+ Kf8 31. Rc6 Ke7 32. Rc7+ Kf8 33. Kf1
h5 34. h3 Nc4 35. Bc3 h4 36. Bd5 Nd6 37. f4 Nge8 38. Rd7 gxf4 39. exf4 Rc8 40.
fxe5 Rxc3 41. exd6 Rd3 42. Rf7+ Kg8 43. d7 Rxd5 44. dxe8=Q# 1-0

[Event "96th DEN-ch"]
[Site "Skoerping DEN"]
[Date "2017.04.09"]
[Round "2"]
[White "Rasmussen, Allan Stig"]
[Black "Ochsner, Bjoern Moeller"]
[WhiteElo "2533"]
[BlackElo "2433"]
[Result "1-0"]
[EventDate "2017.04.08"]
[PlyCount "61"]

1. d4 Nf6 2. c4 e6 3. g3 d5 4. Nf3 Be7 5. Bg2 O-O 6. Qc2 c5 7. dxc5 Bxc5 8. O-O
Qe7 9. a3 Bb6 10. Nc3 Nc6 11. cxd5 exd5 12. Bg5 Be6 13. Rfd1 Rac8 14. Qd3 Rfd8
15. Na4 Bc7 16. Rac1 Bb8 17. b4 h6 18. Be3 Ne4 19. Nc5 Bf5 20. Qb3 Be6 21. Nxe6
fxe6 22. Bh3 a6 23. Nd4 Nxd4 24. Bxd4 Kh8 25. Qe3 Ng5 26. Rxc8 Rxc8 27. Bg2 Qd7
28. h4 Nf7 29. Bh3 Rc6 30. Bb2 Qc8 31. Rxd5 1-0

[Event "96th DEN-ch"]
[Site "Skoerping DEN"]
[Date "2017.04.09"]
[Round "2"]
[White "Rasmussen, Karsten"]
[Black "Andersen, Mads"]
[WhiteElo "2449"]
[BlackElo "2565"]
[Result "0-1"]
[EventDate "2017.04.08"]
[PlyCount "94"]

1. c4 e6 2. Nf3 d5 3. d4 Nf6 4. Nc3 Be7 5. Bf4 O-O 6. e3 b6 7. Bd3 dxc4 8. Bxc4
Ba6 9. Bxa6 Nxa6 10. O-O c5 11. Qe2 Qc8 12. Rfd1 Qb7 13. h3 Rfd8 14. dxc5 Nxc5
15. Rxd8+ Rxd8 16. Rd1 Nd5 17. Be5 f6 18. Nxd5 Rxd5 19. Bc3 Rxd1+ 20. Qxd1 Qa6
21. b4 Qa4 22. Qd4 Nd7 23. Qd2 Kf7 24. Nd4 Ne5 25. b5 a6 26. bxa6 Qxa6 27. Qe2
Qxe2 28. Nxe2 Nd3 29. Nd4 e5 30. Nc6 Ba3 31. Na7 Ke6 32. Nb5 Bb4 33. Bxb4 Nxb4
34. a3 Nc2 35. e4 Kd7 36. Kf1 Kc6 37. a4 Kc5 38. Nc7 Nd4 39. Ke1 Kb4 40. Nd5+
Ka5 41. h4 Ne6 42. f3 Nc5 43. h5 h6 44. Kd2 Nxa4 45. g4 Nc5 46. Kc3 Ne6 47. Ne7
Kb5 0-1

[Event "96th DEN-ch"]
[Site "Skoerping DEN"]
[Date "2017.04.09"]
[Round "2"]
[White "Sylvan, Jacob"]
[Black "Hansen, Mads"]
[WhiteElo "2425"]
[BlackElo "2444"]
[Result "0-1"]
[EventDate "2017.04.08"]
[PlyCount "100"]

1. e4 e5 2. Nf3 Nc6 3. Bb5 a6 4. Ba4 Nf6 5. O-O Be7 6. Re1 b5 7. Bb3 O-O 8. c3
d5 9. exd5 Nxd5 10. Nxe5 Nxe5 11. Rxe5 c6 12. d4 Bd6 13. Re1 Qh4 14. g3 Qh3 15.
Be3 Bg4 16. Qd3 Rae8 17. Nd2 Re6 18. Qf1 Qh5 19. Qg2 Rfe8 20. Bxd5 cxd5 21. a4
b4 22. Rec1 Be2 23. c4 dxc4 24. Rxc4 Bxc4 25. Nxc4 Bf4 26. b3 Bxe3 27. fxe3 Qg5
28. Re1 Rd8 29. Qd2 h5 30. Rf1 h4 31. Rf3 Qh5 32. Qg2 hxg3 33. hxg3 Qg6 34. Rf1
Qd3 35. Qb7 f5 36. Qxb4 Rxe3 37. Nxe3 Qxe3+ 38. Kg2 Rxd4 39. Qb8+ Kh7 40. Rf4
Rd2+ 41. Kh3 Qe2 42. Rxf5 Qh2+ 43. Kg4 Rd4+ 44. Rf4 Qe2+ 45. Kh4 Qe7+ 46. Kg4
Qe6+ 47. Kf3 Rd3+ 48. Kg2 Rd2+ 49. Rf2 Qe4+ 50. Kg1 Qe1+ 0-1

[Event "96th DEN-ch"]
[Site "Skoerping DEN"]
[Date "2017.04.09"]
[Round "2"]
[White "Thybo, Jesper Soendergaard"]
[Black "Teplyi, Igor"]
[WhiteElo "2437"]
[BlackElo "2438"]
[Result "1/2-1/2"]
[EventDate "2017.04.08"]
[PlyCount "76"]

1. d4 Nf6 2. c4 e6 3. Nf3 d5 4. g3 Bb4+ 5. Nc3 dxc4 6. Bg2 O-O 7. O-O Nc6 8.
Qa4 Nd7 9. Rd1 Nb6 10. Qc2 Be7 11. e4 Bd7 12. Be3 Qe8 13. Qe2 f6 14. d5 Ne5 15.
Nxe5 fxe5 16. Bh3 exd5 17. Bxd7 Qxd7 18. Nxd5 Nxd5 19. Rxd5 Qe6 20. Qxc4 c6 21.
Rd4 Kf7 22. Qxe6+ Kxe6 23. Rd3 Rfd8 24. Rb3 Rd7 25. h4 h5 26. Rc1 a6 27. Kf1
Rf8 28. Ke2 g6 29. Rbc3 Rf7 30. Rb1 Rf8 31. b4 Rc8 32. a4 Rdd8 33. Bb6 Rd7 34.
b5 axb5 35. axb5 c5 36. Rbc1 Rd4 37. Ke3 Rb4 38. Bxc5 Rxb5 1/2-1/2

[Event "96th DEN-ch"]
[Site "Skoerping DEN"]
[Date "2017.04.10"]
[Round "3"]
[White "Andersen, Mads"]
[Black "Rasmussen, Allan Stig"]
[WhiteElo "2565"]
[BlackElo "2533"]
[Result "1-0"]
[EventDate "2017.04.08"]
[PlyCount "99"]

1. e4 c6 2. d4 d5 3. exd5 cxd5 4. c4 Nf6 5. Nc3 e6 6. Nf3 Bb4 7. cxd5 Nxd5 8.
Qc2 Nc6 9. a3 Bd6 10. Bd3 h6 11. O-O O-O 12. Re1 Nce7 13. Ne5 f6 14. Nf3 Bd7
15. Qe2 Qb6 16. Bd2 Rae8 17. Ne4 Nf5 18. b4 Bb8 19. Nc5 Qd6 20. g3 g5 21. Nxd7
Qxd7 22. Bb5 Qf7 23. Bxe8 Rxe8 24. Qe4 h5 25. Re2 a6 26. Rae1 Ba7 27. h3 Nd6
28. Qd3 Nf5 29. Bxg5 fxg5 30. Nxg5 Qf6 31. Nxe6 Bb8 32. Qf3 Nde7 33. Qxh5 Ng6
34. Re4 Bxg3 35. fxg3 Nxg3 36. Qxg6+ Qxg6 37. Rg4 Kh7 38. Rxg6 Kxg6 39. Re5 Kf6
40. Kf2 Rg8 41. Nc5 Nh1+ 42. Ke2 Rg2+ 43. Kf1 Ra2 44. Re3 Kg5 45. Rf3 Kh4 46.
Ne4 b5 47. Re3 Rc2 48. Kg1 Rc1+ 49. Kg2 Rd1 50. d5 1-0

[Event "96th DEN-ch"]
[Site "Skoerping DEN"]
[Date "2017.04.10"]
[Round "3"]
[White "Carstensen, Jacob"]
[Black "Sylvan, Jacob"]
[WhiteElo "2381"]
[BlackElo "2425"]
[Result "1-0"]
[EventDate "2017.04.08"]
[PlyCount "69"]

1. e4 e5 2. Nf3 Nc6 3. c3 d5 4. Qa4 dxe4 5. Nxe5 Qd5 6. Nxc6 bxc6 7. Bc4 Qd6 8.
d3 exd3 9. O-O Ne7 10. Nd2 Qg6 11. Re1 Bh3 12. Bd5 Bd7 13. Be4 Qh5 14. Bxd3 Kd8
15. Nf3 Nd5 16. Re5 Qg4 17. Re4 Qh5 18. Rh4 Nb6 19. Qd1 Qd5 20. Rd4 Qh5 21. Bf4
f6 22. Be4 Nd5 23. Bxd5 cxd5 24. Rxd5 Qf7 25. Qb3 g5 26. Bxc7+ Kxc7 27. Rc5+
Bxc5 28. Qxf7 Rhf8 29. Qc4 Kb6 30. b4 Be7 31. a4 Rfe8 32. a5+ Kb7 33. a6+ Kb6
34. Qd5 Bc6 35. Qa5# 1-0

[Event "96th DEN-ch"]
[Site "Skoerping DEN"]
[Date "2017.04.10"]
[Round "3"]
[White "Hansen, Mads"]
[Black "Rasmussen, Karsten"]
[WhiteElo "2444"]
[BlackElo "2449"]
[Result "1-0"]
[EventDate "2017.04.08"]
[PlyCount "79"]

1. e4 c6 2. d4 d5 3. e5 Bf5 4. Nf3 e6 5. Be2 Nd7 6. O-O Bb4 7. Nbd2 Ba5 8. a4
h6 9. Nb3 Bc7 10. a5 a6 11. Bd2 Ne7 12. Bb4 g5 13. Ne1 f6 14. f4 gxf4 15. Bg4
O-O 16. Nd3 fxe5 17. dxe5 Nxe5 18. Bxf5 Nxf5 19. Bxf8 Nxd3 20. Bxh6 Qh4 21.
Qxd3 Qxh6 22. Nd4 Ne3 23. Rf3 e5 24. Nf5 Qh7 25. Nxe3 e4 26. Nxd5 Rf8 27. Qb3
cxd5 28. Qxd5+ Rf7 29. Rh3 Qg6 30. Rh5 Kf8 31. Qc5+ Bd6 32. Qc8+ Ke7 33. Qxb7+
Kf6 34. Qd5 Rd7 35. Re5 Bxe5 36. Qxd7 Qh5 37. Qc6+ Kf5 38. Qc8+ Kf6 39. Qxa6+
Kf5 40. Qc8+ 1-0

[Event "96th DEN-ch"]
[Site "Skoerping DEN"]
[Date "2017.04.10"]
[Round "3"]
[White "Ochsner, Bjoern Moeller"]
[Black "Thybo, Jesper Soendergaard"]
[WhiteElo "2433"]
[BlackElo "2437"]
[Result "1-0"]
[EventDate "2017.04.08"]
[PlyCount "45"]

1. Nf3 Nf6 2. c4 g6 3. Nc3 d5 4. cxd5 Nxd5 5. Qc2 Nc6 6. d4 Ndb4 7. Qa4 Bd7 8.
Qd1 e5 9. dxe5 Bf5 10. Bg5 Be7 11. e4 Bg4 12. Bxe7 Qxe7 13. a3 Bxf3 14. gxf3
Rd8 15. Qa4 Nd3+ 16. Bxd3 Rxd3 17. Qb5 Rxf3 18. Qxb7 Nd8 19. Qb4 Qxe5 20. Rd1
a5 21. Qa4+ c6 22. Rxd8+ Kxd8 23. Qd1+ 1-0

[Event "96th DEN-ch"]
[Site "Skoerping DEN"]
[Date "2017.04.10"]
[Round "3"]
[White "Teplyi, Igor"]
[Black "Antonsen, Mikkel"]
[WhiteElo "2438"]
[BlackElo "2447"]
[Result "1/2-1/2"]
[EventDate "2017.04.08"]
[PlyCount "66"]

1. c4 e6 2. g3 d5 3. Bg2 Nf6 4. Nf3 Be7 5. O-O O-O 6. b3 c5 7. cxd5 Nxd5 8. Bb2
Nc6 9. Nc3 Bf6 10. Qb1 b6 11. Rd1 Ba6 12. e3 Nxc3 13. dxc3 Qc7 14. Nd2 Rad8 15.
Ne4 Be7 16. c4 Bb7 17. Nc3 Rxd1+ 18. Qxd1 Rd8 19. Qe2 Rd7 20. Rd1 Qd8 21. f4
Bf6 22. Rxd7 Qxd7 23. g4 h6 24. Qd1 Qxd1+ 25. Nxd1 Bxb2 26. Nxb2 Kf8 27. Kf2
Ke7 28. h4 f6 29. Na4 Na5 30. Bxb7 Nxb7 31. Nc3 Na5 32. Nb5 Nc6 33. Kf3 Kd7
1/2-1/2

[Event "96th DEN-ch"]
[Site "Skoerping DEN"]
[Date "2017.04.11"]
[Round "4"]
[White "Antonsen, Mikkel"]
[Black "Ochsner, Bjoern Moeller"]
[WhiteElo "2447"]
[BlackElo "2433"]
[Result "0-1"]
[EventDate "2017.04.08"]
[PlyCount "96"]

1. d4 Nf6 2. c4 e6 3. Nf3 d5 4. Nc3 Bb4 5. cxd5 exd5 6. Bg5 h6 7. Bh4 c5 8.
dxc5 Nbd7 9. Qd4 Qa5 10. a3 Bxc3+ 11. Qxc3 Qxc3+ 12. bxc3 Ne4 13. e3 Ndxc5 14.
Nd4 g5 15. Bg3 Nxg3 16. hxg3 Kf8 17. f3 Bd7 18. Kd2 Rc8 19. Bd3 Kg7 20. Bc2 Na4
21. Bxa4 Bxa4 22. Rhb1 Rc7 23. Rb4 Bd7 24. a4 h5 25. a5 h4 26. g4 a6 27. Rb6
Bc8 28. Rd6 Rc5 29. Nb3 Rb5 30. Ra3 f5 31. gxf5 Bxf5 32. Rb6 Rxb6 33. axb6 Rh6
34. Nd4 Bh7 35. Rb3 Kf8 36. Ke2 Ke7 37. Rb4 Kd6 38. Kf2 Rf6 39. Nb3 Bf5 40. Nd4
Bd7 41. Nb3 g4 42. Na5 Bc8 43. e4 g3+ 44. Kg1 dxe4 45. fxe4 h3 46. e5+ Kxe5 47.
Nc4+ Ke4 48. gxh3 Bxh3 0-1

[Event "96th DEN-ch"]
[Site "Skoerping DEN"]
[Date "2017.04.11"]
[Round "4"]
[White "Carstensen, Jacob"]
[Black "Teplyi, Igor"]
[WhiteElo "2381"]
[BlackElo "2438"]
[Result "1/2-1/2"]
[EventDate "2017.04.08"]
[PlyCount "100"]

1. e4 c5 2. Nf3 d6 3. d4 cxd4 4. Nxd4 Nf6 5. Nc3 a6 6. Be3 e5 7. Nb3 Be6 8. f3
h5 9. Qd2 Nbd7 10. Nd5 Bxd5 11. exd5 g6 12. Be2 Ng8 13. O-O-O Bh6 14. Bxh6 Nxh6
15. g4 hxg4 16. fxg4 Qb6 17. h4 O-O-O 18. h5 g5 19. Rh3 f5 20. Qxg5 Nxg4 21.
Bxg4 fxg4 22. Qxg4 Kb8 23. Kb1 Nf6 24. Qe2 Rdg8 25. c4 Rg1 26. Rh1 Rxh1 27.
Rxh1 Rxh5 28. Rf1 Rh6 29. c5 Qb5 30. Qxb5 axb5 31. cxd6 Nd7 32. Nd2 Rxd6 33.
Ne4 Rxd5 34. Nf6 Nxf6 35. Rxf6 Kc7 36. Kc2 Kd7 37. Rb6 e4 38. Rxb7+ Ke6 39. Rh7
Rg5 40. Kd2 Kd5 41. Rd7+ Kc5 42. Ke3 Rg2 43. Kxe4 Rxb2 44. Kd3 Rxa2 45. Kc3
Ra3+ 46. Kb2 Rh3 47. Rd2 Kc4 48. Rg2 b4 49. Rg4+ Kb5 50. Rg8 Kc4 1/2-1/2

[Event "96th DEN-ch"]
[Site "Skoerping DEN"]
[Date "2017.04.11"]
[Round "4"]
[White "Rasmussen, Allan Stig"]
[Black "Hansen, Mads"]
[WhiteElo "2533"]
[BlackElo "2444"]
[Result "1-0"]
[EventDate "2017.04.08"]
[PlyCount "105"]

1. d4 d5 2. Nf3 Nf6 3. c4 c6 4. e3 Bf5 5. Nc3 a6 6. a4 e6 7. Qb3 Ra7 8. a5 Nbd7
9. Nh4 Be4 10. cxd5 Nxd5 11. Nxe4 Qxh4 12. Nc3 Bb4 13. Bd2 O-O 14. g3 Qh5 15.
Be2 Qh3 16. Bf3 c5 17. Ke2 N5f6 18. Rhd1 e5 19. dxe5 Nxe5 20. Nd5 Nfg4 21. Nf4
Qxh2 22. Bg2 Qh6 23. Bxb4 cxb4 24. Qxb4 Raa8 25. Rd6 Qg5 26. Rh1 Nf6 27. Nd5
Nxd5 28. Rxd5 Rac8 29. Qe4 Qg4+ 30. Qxg4 Nxg4 31. Rhd1 Nf6 32. Rd6 Rc7 33. Rb6
Rb8 34. Rxb7 Rcxb7 35. Bxb7 Kf8 36. Bxa6 Rxb2+ 37. Rd2 Rb4 38. Ra2 Ne4 39. Kf1
Nc3 40. Ra3 Nb1 41. Ra1 Nd2+ 42. Kg2 Ke7 43. Bd3 Rb7 44. a6 Ra7 45. Rd1 Nb3 46.
Bc4 Nc5 47. Rd5 Nd7 48. Bb5 Nb8 49. Rd4 Ra8 50. Re4+ Kd6 51. Re8 Kc7 52. Re7+
Kb6 53. Rb7+ 1-0

[Event "96th DEN-ch"]
[Site "Skoerping DEN"]
[Date "2017.04.11"]
[Round "4"]
[White "Thybo, Jesper Soendergaard"]
[Black "Andersen, Mads"]
[WhiteElo "2437"]
[BlackElo "2565"]
[Result "1/2-1/2"]
[EventDate "2017.04.08"]
[PlyCount "49"]

1. Nf3 d5 2. d4 Nf6 3. c4 e6 4. g3 dxc4 5. Bg2 a6 6. O-O Nc6 7. Nc3 Rb8 8. Bg5
Be7 9. e4 h6 10. Bxf6 Bxf6 11. d5 Ne5 12. Nxe5 Bxe5 13. Qe2 b5 14. Rad1 Qe7 15.
dxe6 Bxe6 16. f4 Qc5+ 17. Kh1 Bxc3 18. bxc3 f6 19. e5 fxe5 20. fxe5 Rf8 21.
Qh5+ Ke7 22. Qh4+ Ke8 23. Qh5+ Ke7 24. Qh4+ Ke8 25. Qh5+ 1/2-1/2

[Event "96th DEN-ch"]
[Site "Skoerping DEN"]
[Date "2017.04.12"]
[Round "5"]
[White "Andersen, Mads"]
[Black "Antonsen, Mikkel"]
[WhiteElo "2565"]
[BlackElo "2447"]
[Result "1/2-1/2"]
[EventDate "2017.04.08"]
[PlyCount "75"]

1. e4 e5 2. Nf3 Nc6 3. Bb5 Nf6 4. O-O Nxe4 5. d4 Nd6 6. Bxc6 dxc6 7. dxe5 Nf5
8. Qxd8+ Kxd8 9. Rd1+ Ke8 10. Nc3 Be7 11. g4 Nh4 12. Nxh4 Bxh4 13. h3 Be7 14.
Bf4 h5 15. f3 Be6 16. Kg2 Rd8 17. Be3 b6 18. Ne2 hxg4 19. hxg4 Rd5 20. Bf4 Kd7
21. Bg3 g5 22. Nd4 Bc5 23. c3 Rd8 24. Bf2 Kc8 25. Re1 Bxd4 26. cxd4 c5 27. dxc5
Rd2 28. cxb6 axb6 29. Kg3 Rxb2 30. Be3 Rxa2 31. Rxa2 Bxa2 32. Bxg5 Rd3 33. Re3
Rxe3 34. Bxe3 Kd7 35. f4 Ke6 36. f5+ Kxe5 37. Bf4+ Kf6 38. Bxc7 1/2-1/2

[Event "96th DEN-ch"]
[Site "Skoerping DEN"]
[Date "2017.04.12"]
[Round "5"]
[White "Ochsner, Bjoern Moeller"]
[Black "Carstensen, Jacob"]
[WhiteElo "2433"]
[BlackElo "2381"]
[Result "1/2-1/2"]
[EventDate "2017.04.08"]
[PlyCount "92"]

1. e4 e5 2. Nf3 Nf6 3. Nxe5 d6 4. Nf3 Nxe4 5. d4 d5 6. Bd3 Nc6 7. O-O Be7 8. c4
Nb4 9. Be2 O-O 10. Nc3 Bf5 11. a3 Nxc3 12. bxc3 Nc6 13. Re1 Re8 14. Ra2 Bf6 15.
Rb2 Rb8 16. cxd5 Qxd5 17. Bf4 Re7 18. Rb5 Qd7 19. Bxc7 Rbe8 20. Bg3 Nxd4 21.
Nxd4 Bxd4 22. Rxf5 Bxc3 23. Qxd7 Rxd7 24. Rc1 Rxe2 25. Rc5 Bf6 26. Rc8+ Bd8 27.
Bc7 Re8 28. h4 Kf8 29. Bxd8 Rexd8 30. Rxd8+ Rxd8 31. Rc7 Rd3 32. Rxb7 Rxa3 33.
g3 h5 34. Kg2 g6 35. Rc7 a5 36. Ra7 a4 37. Kg1 Kg7 38. Ra6 Ra1+ 39. Kg2 a3 40.
Kh2 f5 41. Kg2 f4 42. gxf4 a2 43. Kf3 Kf7 44. f5 gxf5 45. Kf4 Rh1 46. Rxa2
Rxh4+ 1/2-1/2

[Event "96th DEN-ch"]
[Site "Skoerping DEN"]
[Date "2017.04.12"]
[Round "5"]
[White "Rasmussen, Karsten"]
[Black "Rasmussen, Allan Stig"]
[WhiteElo "2449"]
[BlackElo "2533"]
[Result "1-0"]
[EventDate "2017.04.08"]
[PlyCount "127"]

1. d4 f5 2. Nf3 Nf6 3. c4 g6 4. e3 Bg7 5. b4 d6 6. Bb2 e6 7. Nbd2 Nbd7 8. Bd3
e5 9. dxe5 Nxe5 10. Be2 Qe7 11. O-O a5 12. bxa5 Nfd7 13. Nxe5 Nxe5 14. c5 dxc5
15. Nc4 Nxc4 16. Bxg7 Qxg7 17. Bxc4 Rxa5 18. e4 f4 19. Qd2 b6 20. Qxf4 Rf8 21.
Qg3 b5 22. Bd5 Ra6 23. Rac1 Qe7 24. a4 bxa4 25. Qd3 c6 26. Ba2 Rb6 27. Qe3 Rb2
28. Qa3 Rb4 29. f3 Qe5 30. Rf2 Rf6 31. Qc3 Qxc3 32. Rxc3 Rd6 33. h4 Kd7 34.
Rxc5 Kc7 35. Rfc2 Kb6 36. e5 Rd1+ 37. Kf2 Bd7 38. Bf7 Rb5 39. Rxb5+ cxb5 40. e6
b4 41. exd7 Rxd7 42. Be8 b3 43. Rb2 Rd4 44. Bxa4 Rxa4 45. Rxb3+ Kc6 46. Kg3 Ra5
47. Rd3 Kc7 48. Kf4 h6 49. g3 Rf5+ 50. Ke4 Ra5 51. g4 h5 52. Rd4 hxg4 53. fxg4
Rb5 54. Rd5 Rb4+ 55. Kf3 Ra4 56. Kg3 Rb4 57. Rd3 Ra4 58. h5 gxh5 59. gxh5 Rb4
60. Rd2 Ra4 61. h6 Ra8 62. Kg4 Rg8+ 63. Kh5 Rg1 64. Rd4 1-0

[Event "96th DEN-ch"]
[Site "Skoerping DEN"]
[Date "2017.04.12"]
[Round "5"]
[White "Teplyi, Igor"]
[Black "Sylvan, Jacob"]
[WhiteElo "2438"]
[BlackElo "2425"]
[Result "1-0"]
[EventDate "2017.04.08"]
[PlyCount "99"]

1. d4 d5 2. c4 c6 3. Nf3 Nf6 4. g3 dxc4 5. Bg2 Nbd7 6. O-O e6 7. a4 Be7 8. Na3
O-O 9. Nxc4 Nb6 10. Nce5 a5 11. Qb3 Nbd5 12. Bd2 Nb4 13. e3 Qc7 14. Rac1 Bd7
15. Nxd7 Qxd7 16. Ne5 Qc7 17. e4 Nd7 18. Nc4 Nb6 19. Ne3 Qd7 20. Rfd1 Rfd8 21.
Bc3 Bf8 22. Rd2 Qe8 23. Qd1 c5 24. b3 cxd4 25. Bxd4 Nc8 26. e5 Rb8 27. Nc4 b6
28. Be3 Rxd2 29. Qxd2 Ne7 30. Bxb6 Nec6 31. Bc7 Ra8 32. h4 Ra7 33. Bb6 Rd7 34.
Nd6 Nxe5 35. Qxb4 Rxd6 36. Qxa5 Nd3 37. Rc7 Qb8 38. Rb7 Qc8 39. Rc7 Qb8 40. Bb7
g6 41. Qa7 Qd8 42. Rc6 Qf6 43. Rxd6 Bxd6 44. Bd4 e5 45. Be3 Nb4 46. Qb6 Qe7 47.
Be4 f5 48. Bg5 Qf8 49. Bg2 e4 50. Bf1 1-0

[Event "96th DEN-ch"]
[Site "Skoerping DEN"]
[Date "2017.04.13"]
[Round "6"]
[White "Teplyi, Igor"]
[Black "Ochsner, Bjoern Moeller"]
[WhiteElo "2438"]
[BlackElo "2433"]
[Result "1/2-1/2"]
[EventDate "2017.04.08"]
[PlyCount "53"]

1. d4 Nf6 2. c4 e6 3. Nc3 Bb4 4. e3 O-O 5. Nge2 d5 6. a3 Be7 7. cxd5 exd5 8.
Nf4 c6 9. Bd3 a5 10. O-O Na6 11. Bc2 Nc7 12. f3 Ne6 13. e4 dxe4 14. Nxe6 Bxe6
15. fxe4 Qb6 16. Na4 Qa7 17. Kh1 Rad8 18. Be3 b5 19. Nc3 Bc5 20. Rxf6 Bxd4 21.
Bxd4 Rxd4 22. Qh5 gxf6 23. e5 f5 24. Qg5+ Kh8 25. Qf6+ Kg8 26. Qg5+ Kh8 27.
Qf6+ 1/2-1/2

[Event "96th DEN-ch"]
[Site "Skoerping DEN"]
[Date "2017.04.14"]
[Round "7"]
[White "Andersen, Mads"]
[Black "Teplyi, Igor"]
[WhiteElo "2565"]
[BlackElo "2438"]
[Result "1/2-1/2"]
[EventDate "2017.04.08"]
[PlyCount "62"]

1. e4 c5 2. Nf3 d6 3. d4 cxd4 4. Nxd4 Nf6 5. f3 e5 6. Nb3 Be6 7. c4 Nbd7 8. Be3
b5 9. c5 a6 10. cxd6 Qb8 11. Be2 Bxd6 12. O-O O-O 13. Nc3 Rd8 14. Kh1 Nb6 15.
Qc2 b4 16. Nb1 Rc8 17. Qd1 Nc4 18. Bxc4 Bxc4 19. Rf2 a5 20. Rc2 a4 21. N3d2 Be6
22. a3 Rxc2 23. Qxc2 Qc8 24. Qxc8+ Rxc8 25. Nf1 Bd7 26. axb4 Bxb4 27. Na3 h6
28. Kg1 Kf8 29. Rc1 Rxc1 30. Bxc1 Ke7 31. Ne3 Be6 1/2-1/2

[Event "96th DEN-ch"]
[Site "Skoerping DEN"]
[Date "2017.04.14"]
[Round "7"]
[White "Rasmussen, Allan Stig"]
[Black "Thybo, Jesper Soendergaard"]
[WhiteElo "2533"]
[BlackElo "2437"]
[Result "1-0"]
[EventDate "2017.04.08"]
[PlyCount "109"]

1. d4 Nf6 2. c4 g6 3. Nc3 Bg7 4. e4 d6 5. Nf3 O-O 6. Be2 e5 7. O-O Qe8 8. dxe5
dxe5 9. Be3 b6 10. c5 Na6 11. Nd2 Nxc5 12. Bxc5 bxc5 13. Nb3 Rb8 14. Qc2 Qc6
15. Na5 Qb6 16. Nc4 Qb4 17. b3 Be6 18. Rad1 Rfd8 19. Na4 Rxd1 20. Rxd1 Ne8 21.
Ne3 Bf8 22. g3 Be7 23. Bc4 Bxc4 24. Nxc4 Bd6 25. Kg2 Ng7 26. Nab2 Ne6 27. Rd5
Nd4 28. Qc1 Ne2 29. Qc2 Nd4 30. Qd1 Qc3 31. Na4 Qb4 32. f3 Re8 33. Qc1 Kg7 34.
Nab2 Re6 35. Nd3 Qb5 36. Qb2 c6 37. a4 Qb8 38. Rxd6 Rxd6 39. Nxd6 Qxd6 40. Qc3
Ne6 41. f4 Qd4 42. Qxd4 exd4 43. Ne5 Nd8 44. Nd7 Ne6 45. e5 d3 46. Kf2 Nd4 47.
Ke3 Nxb3 48. Kxd3 h5 49. h3 Nd4 50. a5 Ne6 51. h4 Nd4 52. a6 Nf5 53. Nb8 Nxg3
54. Nxc6 Nf5 55. Nxa7 1-0